All She Wants Revenge Songs - Statistiques

Statistiques générales
  • Ce quiz a été pris 9 fois
  • Le résultat moyen est 21 sur 49
Statistiques - réponses
Album / EP Réponse % Correct
She Wants Revenge Tear You Apart
100%
Big Love Big Love
80%
She Wants Revenge Out of control
80%
She Wants Revenge Us
80%
Up and Down A Little Bit Harder Now
60%
Up and Down Animal Attraction
60%
Valleyheart Kiss Me
60%
She Wants Revenge 10 Never
60%
She Wants Revenge Red Flags and Long Nights
60%
Save Your Soul Save Your Soul
60%
This is Forever She Will Always Be A Broken Girl
60%
She Wants Revenge Sister
60%
Save Your Soul Sugar
60%
Up and Down Your Love
60%
Save Your Soul A Hundred Kisses
40%
This is Forever ...And A Song For Los Angeles
40%
She Wants Revenge Broken promises for broken hearts
40%
She Wants Revenge Disconnect
40%
She Wants Revenge I don't want to fall in love
40%
She Wants Revenge Killing Time
40%
Up and Down Love Me
40%
She Wants Revenge Monologue
40%
This is Forever Rachael
40%
Valleyheart Reasons
40%
This is Forever Replacement
40%
She Wants Revenge She Loves Me, She Loves Me Not
40%
Save Your Soul Sleep
40%
She Wants Revenge Someone Must Get Hurt
40%
She Wants Revenge Spend the Night
40%
Valleyheart Take The World
40%
She Wants Revenge These Things
40%
This is Forever True Romance
40%
Valleyheart Up In Flames
40%
This is Forever Walking Away
40%
This is Forever Written in Blood
40%
This is Forever All Those Moments
20%
Up and Down All Wound Up
20%
This is Forever Checking Out
20%
This is Forever First, Love
20%
Valleyheart Holiday Song
20%
This is Forever It's Just Begun
20%
Valleyheart Little Stars
20%
Valleyheart Maybe She's Right
20%
Valleyheart Must Be The One
20%
Valleyheart Not Just A Girl
20%
This is Forever Pretend The World Has Ended
20%
Valleyheart Suck It Up
20%
This is Forever This Is The End
20%
This is Forever What I Want
20%
Aucun quiz correspondant
Distribution des résultats
% des personnes avec chaque résultat
Percentile par nombre de réponses
Votre historique - résultats
Vous n’avez pas pris ce quiz